000 00437nam a22001817a 4500
003 MPLRDC
005 20220104154314.0
008 210129b ||||| |||| 00| 0 eng d
082 _a947.416 BJC v.1
100 _a北京陈编绘
245 _a蝙蝠战士 VOL. 1
_c
250 _a初版
260 _a
_b玉皇朝出版集团
_c1994
300 _b
490 _a3D立体漫画
650 _a漫画
942 _cBK
_o947.416 BJC v.1
999 _c53915
_d53905